1070 1838 1799 1323 1804 1968 1721 1813 1572 1498 1746 1551 1263 1511 1515 1715 1265 1835 1075 1259 1052 1220 1467 1616 1964 1912 1037 1224 1441 1946 1699 1541 1214 1028 1533 1168 1513 1358 1422 1019 1088 1095 1393 1426 1054 1790 1033 1718 1705 1537 1032 1824 1095 1526 1156 1904 1476 1370 1318 1704 1168 1125 1824 1448 1589 1767 1691 1168 1774 1303 1239 1174 1205 1585 1341 1896 1782 1711 1865 1133 1144 1076 1492 1621 1939 1195 1131 1894 1914 1862 1767 1764 1779 1153 1634 1097 1188 1613 1418 BCNSPRNW ULIB Ver.6.0+V

เปลี่ยนเป็นภาษาไทย

Change to English
 แสดงรายละเอียดบรรณานุกรม
  กลับหน้าหลัก

Brief Record : Get Marc (ISO 2709) : E-mail record : QR code < ปิดหน้าต่าง
LEADER : 00000nam 2200000uu 4500
001    13399113534
003     ULIB
008    111124s2550||||th 000 0 tha d
020    ^a9746438611(ล.1)
060  4 ^aW74^bส719ห ล.1 2550
110 1  ^aมหาวิทยาลัยสุโขทัยธรรมาธิราช^bสาขาวิชาวิทยาศาสตร์สุขภาพ
245 00 ^aเอกสารการสอนชุดวิชา หลักเศรษฐศาสตร์และเศรษฐศาสตร์สาธารณสุข หน่วยที่1-8=^bPrinciples of economics and health economics/^cมหาวิทยาลัยสุโขทัยธรรมาธิราช
246 0  ^aPrinciples of economics and health economics
250    ^aพิมพ์ครั้งที่ 4
260    ^aนนทบุรี:^bศูนย์หนังสือมหาวิทยาลัยสุโขทัยธรรมาธิราช,^c2550
300    ^a334 หน้า
650  7 ^aเศรษฐศาสตร์สาธารณสุข
650  7 ^aหลักเศรษฐศาสตร์
945    ^p0^l0^i14609
945    ^p0^l0^i14610
945    ^p0^l0^i14611
995    ^aกัณชพร
999    ^aใช้งานได้ทุกระบบ
รายการนี้ยังไม่มีแท็ก
คุณยังไม่ได้ล็อกอิน คุณสามารถมีกิจกรรมร่วมกับเว็บไซต์ได้ แต่ต้องล็อกอินก่อน ::
  ล็อกอิน

รายการสื่อสารสนเทศ

ลำดับที่ ประเภท เลขเรียก/บาร์โค้ด สถานที่ สถานะ
- ไม่พบข้อมูล -

รายการใกล้เคียง
    หัวเรื่อง [เศรษฐศาสตร์สาธารณสุข]
    หัวเรื่อง [หลักเศรษฐศาสตร์]

BibComment


ยังไม่เคยถูกคอมเมนท์

คอมเมนท์ทรัพยากรรายการนี้
  คอมเมนท์: เอกสารการสอนชุดว..


 Copyright 2026. Bcnsprnw @Library